| 000 | 00000nam 2200000za 4500 |
| 001 | 9.590227 |
| 003 | CaOODSP |
| 005 | 20221107134112 |
| 007 | cr ||||||||||| |
| 008 | 150406s1998 onc|||||o f00| 0 eng d |
| 020 | |a978-1-100-54786-2 |
| 040 | |aCaOODSP|beng |
| 041 | |aeng |
| 041 | |afre |
| 043 | |an-cn--- |
| 086 | 1 |aM86-9/1998-PDF |
| 245 | 00|aGazetteer of Canada. |pSaskatchewan |h[electronic resource] = |bRépertoire toponymique du Canada. Saskatchewan / |cpublished for the Canadian Permanent Committee on Geographical Names by the Centre for Topographic Information, Geomatics Canada, Natural Resources Canada, and the SaskGeomatics Division, Saskatchewan Property Management Corporation. |
| 250 | |a4th edition |
| 260 | |aOttawa : |bCentre for Topographic Information, Geomatics Canada : |bSaskGeomatics Division, Saskatchewan Property Management Corporation,|c1998. |
| 300 | |a125p.|bmaps, tables |
| 500 | |a"Digitized by Publishing and Depository Services, Public Works and Government Services Canada - 2014" |
| 546 | |aText in English and in French. |
| 590 | |a14-18-Supp|b2014-10-15 |
| 710 | 1 |aCanada.|bNatural Resources Canada. |bCanadian Permanent Committee on Geographical Names. |
| 776 | 0#|tSaskatchewan |w(CaOODSP)9.530649 |
| 792 | |tGazetteer of Canada. |efre|w(CaOODSP)9.590228 |
| 856 | 40|ahttp://publications.gc.ca|qPDF|s10.41 MB|uhttps://publications.gc.ca/collections/collection_2014/rncan-nrcan/M86-9-1998.pdf |